| 000 | 00859cam a2200265 a 4500 | ||
|---|---|---|---|
| 001 | 2523667 | ||
| 003 | SISC | ||
| 005 | 20160302132505.0 | ||
| 008 | 930809s1994 nyua j 000 0 eng | ||
| 010 | _a 93023331 | ||
| 020 |
_a1856979296 : _c$2.95 |
||
| 040 |
_aDLC _cDLC _dDLC |
||
| 042 | _alcac | ||
| 050 | 0 | 0 |
_aPS 508.C5 _b.H847 1990 |
| 082 | 0 | 0 |
_aHS 811.008 _bH84 1990 |
| 245 | 1 | 0 |
_aHow to make a rainbow : _ba collection of children's poems / |
| 260 |
_aWashington, D.C : _bChildren's National Medical Center, _cc1990. |
||
| 300 |
_a111 p. : _c17 cm. |
||
| 562 | _e1 | ||
| 650 | 0 |
_aChildren's poetry, American. _9727 |
|
| 906 |
_a7 _bcbc _corignew _d1 _eocip _f19 _gy-gencatlg |
||
| 942 |
_2lcc _cBK |
||
| 999 |
_c10002 _d10002 |
||